000 00582nam a2200217Ia 4500
008 180523s9999 xx 000 0 und d
020 _a81-7992-333-9
050 _aMAIN GT 3405
050 _b.A67 2007
100 _aAppleby, Pauline.
245 0 _aOrganising a conference :
245 0 _bhow to plan and run a successful event /
245 0 _cPauline Appleby.
260 _aMumbai :
260 _bJaico Publishing,
260 _c2007
300 _a190 pages :
300 _c17 cm.
500 _aIncludes index.
650 _aCongresses and conventions -- Management.
999 _c356699
_d356699